History Quiz

Random History or Decade Quiz
Score 0/20 Timer 05:00
2 Plays Today
Question Answer Wrong Answers
Barack Obama defeats John McCain in the US presidential election. 2008
85.1%
2000
1.4%
2004
6.4%
2006
2.5%
George W. Bush defeats Al Gore in a controversial US election. 2000
72.2%
2002
7.2%
2004
13.9%
2006
1.7%
Michael Jackson dies. 2009
71.7%
2003
2%
2005
6.2%
2007
15.4%
Hurricane Katrina devastates the US Gulf Coast. 2005
64.9%
2001
2.9%
2003
10.2%
2007
17.1%
Fidel Castro resigns as the President of Cuba after nearly fifty years. 2008
63.6%
2000
3.2%
2004
9.7%
2006
18.4%
The Olympics are held in Sydney. 2000
61.5%
2002
11%
2004
16.3%
2008
6.4%
The FIFA World Cup takes place in Germany. 2006
59%
2000
3.7%
2002
16.6%
2004
15.6%
The first film based on a Harry Potter novel is released. 2001
57.2%
2000
13.6%
2004
18.3%
2006
6.1%
Pope John Paul II dies. 2005
51.8%
2000
4.6%
2002
16.4%
2008
22.1%
The space shuttle Columbia disintegrates over Texas upon reentry. 2003
51.2%
2000
15.7%
2006
21.4%
2009
6.2%
Apple releases the first iPhone. 2007
49.4%
2000
5.7%
2002
14.2%
2005
26%
Facebook.com is launched. 2004
46.4%
2002
16.5%
2006
19.3%
2005
13.2%
Madrid train bombs kill 191 people. 2004
46.3%
2001
9.3%
2007
24.6%
2009
14.6%
The US begins its invasion of Iraq. 2003
45.4%
2001
20.6%
2002
23.7%
2004
5.4%
Benazir Bhutto is assassinated. 2007
38.1%
2000
14.6%
2003
30.5%
2009
11.5%
Queen Elizabeth II celebrates her Golden Jubilee- 50 years on the throne. 2002
37.2%
2005
17.1%
2007
19.3%
2009
21.2%
The Maersk Alabama is hijacked by Somali pirates. 2009
37.1%
2000
6.5%
2003
21.7%
2006
29.3%
Russian space station Mir breaks apart over the Pacific Ocean. 2001
27.5%
2004
31.2%
2007
24.9%
2009
10.9%
Euro banknotes and coins enter circulation. 2002
27.3%
2000
31.6%
2001
24.7%
2003
11.3%
Google purchases YouTube for $1.65 billion. 2006
27.2%
2000
2.1%
2004
10.2%
2008
55.5%
Remove Ads.
Support Sporcle.
Get the best of Sporcle when you Go Orange. This ad-free experience offers more features, more stats, and more fun while also helping to support Sporcle. Thank you for becoming a member.

You're not logged in!

Compare scores with friends on all Sporcle quizzes.
OR
Log In

Show Comments

Extras

Top Quizzes Today


Score Distribution

Your Account Isn't Verified!

In order to create a playlist on Sporcle, you need to verify the email address you used during registration. Go to your Sporcle Settings to finish the process.

Report this User

Report this user for behavior that violates our Community Guidelines.

Details: